000 00970nam a2200265 i 4500
001 bg
245 0 0 _aPrognozowanie w zarządzaniu przedsiębiorstwem.
_nCz. 2,
_pPrognozowanie na podstawie szeregów czasowych /
_cred. nauk. Joanicjusz Nazarko ; Politechnika Białostocka. Wydział Zarządzania. Katedra Informatyki Gospodarczej i Logistyki.
260 _aBiałystok :
_bWydaw. PB,
_c2004.
300 _a67 s. ;
_c21 cm.
504 _aBibliogr.
650 9 _aPrzedsiębiorstwo
_xprognozy
_xmetody
650 9 _aZarządzanie strategiczne
_xmetody
650 9 _aPrognozy
_xmetody
650 9 _aEkonometria
_xmetody
655 _aPodręczniki akademickie
700 1 _aNAZARKO, Joanicjusz.
_eRed.
710 0 _aPolitechnika Białostocka
_bWydział Zarządzania
020 _a8388229524
040 _cBPK
041 0 _apol
080 _a658.1/.5.012.2:338.27:330.43](075.8)
920 _a83-88229-52-4
942 _cKS
008 s pl f |000 0 pol
999 _c45542
_d45542
856 _uhttp://koha.tu.koszalin.pl/cgi-bin/koha/opac-detail.pl?biblionumber=45542
_yKatalog online BPK